000 01301nam a2200229Ia 4500
003 IT-RoPAU
005 20220918175742.0
008 120407s9999 xx 000 0 und d
040 _aIT-RoPAU
040 _cIT-RoPAU
041 _aita
100 _aSobicain
_9521
245 _aI Primi passi per un rilancio dell’apostolato biblico
_bBollettino informativo della Sobicain, Ottobre 1990, n.1
250 _a1° ed
260 _aRoma
_bCasa Generalizia SSP
_c1990
300 _a20 p.
_c21 cm
490 _aBollettino informativo della SOBICAIN
490 _vn° 1 - Ottobre 1990
520 _aIndice Un pò di storia... Primo Incontro del Consiglio di Gestione della SOBICAIN 1. L' attività biblica della SOBICAIN Le nuove traduzioni Difficoltà da superare 2. Una Bibbia per tutti e la riforma della Chiesa 3. L' Anno Biblico Paolino Lettera del Superiore generale per l'Anno Biblico Paolino per un rinnovato impegno spirituale e apostolico sulla Parola di Dio a) Finalità dell'Anno Biblico b) Preparazione e realizzazione 4. L'apostolato biblico nella Provincia Italia 5. L'apostolato biblico nella Provincia Brasile 6. L'apostolato biblico nella Provincia Filippine 7. Direttorio del Consiglio di gestione della SOBICAIN 8. Progettazione annuale
942 _cBK
_2ddc
999 _c28318
_d28318